000 00757nam a2200229Ia 4500
003 OSt
005 20220923220634.0
006 a|||||r|||| 00| 0
007 ta
008 220922b |||||||| |||| 00| 0 hin d
024 _a188,216
037 _cTextual
040 _aARTS
_cARTS
_bhin
041 _2hin
_ahin
082 _aV42:2:N6, 152K6
100 _aएलन, जी सी
245 0 _aजापान का संक्षिप्त आर्थिक इतिहास, अनु नारायण प्रसाद
246 _aJāpān kā sankṣpunta ārthik itihāsa, anu0 nārāyaṇ prasāda
260 _c1966
942 _hV42:2:N6, 152K6
_cTEXL
_2CC
999 _c341292
_d341292